000 01158ngm a22004090a 4500
001 PT14663
003 AR-LpoUNG
005 20210201235912.0
007 vd cvaizq
008 191001s1999||||ag |||||||||||||||||spa d
020 _a987968172X
040 _aAR-LpoUNG
_bspa
_cAR-LpoUNG
_eaacr
041 _aspa
044 _aag
082 0 _a303.4833 356mi
100 1 _aGerardo, Juan Carlos
_edir.
245 1 0 _aGlobalización :
_b3er. ciclo E.G.B. ciencias sociales
250 _a1º edición
260 _aBuenos Aires :
_bGerardo Producciones,
_c1999.
300 _aVHS (26 min.) : son., col.
505 0 _aAcompañado por una guía didáctica. Pertenece a la colección Vidacta
650 4 _aCAPITALISMO
650 4 _aCOMUNICACION
650 4 _aCULTURA
650 4 _aECONOMIA INTERNACIONAL
650 4 _aEDUCACION
650 4 _aGLOBALIZACION
650 4 _aRELACIONES INTERNACIONALES
653 _aVIDEOS
653 _aVIDEOS DIDACTICOS
700 1 _aDíaz, Luis Alberto
700 1 _aDillon, Beatriz Susana
700 1 _aGonzaga Orué, Pablo Luis
700 1 _aPalatnik, Estela Ruth
905 _a14663
942 _cVIDEO
999 _c53736
_d53736